000 00843nam a2200253Ia 4500
003 OSt
005 20221005133552.0
006 a|||||r|||| 00| 0
007 ta
008 221004b |||||||| |||| 00| 0 hin d
020 _a818143451X (hbk)
_c1750
024 _a88780
037 _b521, 25/03/2008, Vani Prakashan
_cTextual
040 _aCRL
_cCRL
_bhin
041 _2hin
_ahin
082 _a4,42, 152P6
100 _aपचौरी, सुधीश
245 0 _aटेलीविजन समीक्षा सिद्धांत और व्यवहार
246 _aṬelīvijan samīkṣhā siddhāanta aur vyavahāra
260 _c2006
300 _a311पृ0
_ccm.
942 _h4,42, 152P6
_cTEXL
_2cc
999 _c1067247
_d1067247